01324nam a2200229 a 4500999001500000003000400015005001700019008004100036040002000077110004700097245022800144260006600372300001700438505022600455650005200681650008000733650003200813710005600845856007200901942002000973952010100993 c7711d7711OSt20241118130403.0130130s2009||||||||||||||||||||||||||||d aCDMRbcatcCDMR2 9133aCol·legi de Periodistes de Catalunya 0aCriteris sobre el tractament de les violències masclistes als mitjans de comunicació [Recurs electrònic] c/ Col·legi de Periodistes de Catalunya i Associació de Dones Periodistes de Catalunya [entitats impulsores] a[Barcelona] b: Col·legi de Periodistes de Catalunyac, 2022 a16 pàgines aActualització de les Recomanacions de 2009. Al final conté un "Recull de recomanacions sobre el tractament de la “violència masclista/de gènere/contra les dones” als mitjans de comunicació a nivell espanyol" 093818aMitjans de comunicació de massa i dones 094838aViolència envers les dones en els mitjans de comunicació de massa 09983aÈtica periodística2 9855aAssociació de Dones Periodistes de Catalunya uhttps://omeka.periodistes.cat/items/show/675zAccessible en línia cRECURS_WEB2udc 00104070aCDMRbCDMRd2023-04-17l0oDisponible en líniar2023-04-17w2023-04-17yRECURS_WEB